000 01410nam a22002777a 4500
005 20100730135620.0
010 _aENG-97389 B-423801-802
020 _a9780415480635
_c895.00
035 _aEN-80922
035 _aB-423801-802
037 _bDBAD/PUB
037 _bAllied Publishers
082 _a954.9
245 _aBeyond crisis :
_bre-evaluating Pakistan /
_cedited by Naveeda Khan ; forword by Veena Das
260 _aNew Delhi
_bRoutledge
_c2010
270 _a912-915 Tolstoy House, 15-17 Tolstoy Marg
_bNeew Delhi
_e110001
300 _axxii,581p
_c21cm (Hb)
500 _aincludes bibliographical references and index
700 _aKhan, Naveeda
_92644
700 _aDas, Veena
_92645
942 _2ddc
_cEN
_h954.9
_mBEY
999 _c38249
_d38249